[Event "Titled Tuesday intern op 18th Mar Late"]
[Site "Chess.com INT"]
[Date "2025.03.18"]
[Round "1"]
[White "Manukyan, Sargis A"]
[Black "Sliwicki, Damian"]
[Result "1-0"]
[WhiteElo "2233"]
[BlackElo "2157"]
[PlyCount "71"]
[EventDate "2025.03.18"]
[EventType "swiss (blitz)"]
[EventRounds "11"]
[EventCountry "USA"]
[SourceTitle "CB13_2025"]
[SourceDate "2025.03.26"]
[SourceVersion "1"]
[SourceVersionDate "2025.03.26"]
[SourceQuality "1"]

1. d4 Nf6 2. c4 e6 3. Nc3 Bb4 4. e3 0-0 5. a3 Bxc3+ 6. bxc3 b6 7. Bd3 Ba6 8. Ne2 d5 9. cxd5 Bxd3 10. Qxd3 exd5 11. 0-0 Nbd7 12. f3 Re8 13. Ra2 c5 14. g4 Rc8 15. Ng3 g6 16. g5 Nh5 17. Nxh5 gxh5 18. f4 Re4 19. Qd1 cxd4 20. cxd4 Qe7 21. Qxh5 Nf8 22. Rg2 Rxc1 23. Rxc1 Qxa3 24. Re1 Rxe3 25. Rf1 Qc3 26. f5 Qxd4 27. Kh1 Qe4 28. g6 hxg6 29. fxg6 Nxg6 30. Qg5 Rf3 31. Rc1 Rf5 32. Qh6 Qe6 33. Re2 Qd7 34. Rec2 Nf8 35. Rc8 Qe6 36. Rxf8# 1-0

[Event "Titled Tuesday intern op 18th Mar Late"]
[Site "Chess.com INT"]
[Date "2025.03.18"]
[Round "7"]
[White "Shafer, Logan Clark"]
[Black "Manukyan, Sargis A"]
[Result "1-0"]
[WhiteElo "2177"]
[BlackElo "2233"]
[PlyCount "53"]
[EventDate "2025.03.18"]
[EventType "swiss (blitz)"]
[EventRounds "11"]
[EventCountry "USA"]
[SourceTitle "CB13_2025"]
[SourceDate "2025.03.26"]
[SourceVersion "1"]
[SourceVersionDate "2025.03.26"]
[SourceQuality "1"]

1. e4 c5 2. Nf3 d6 3. d4 cxd4 4. Nxd4 Nf6 5. Nc3 g6 6. Be3 Bg7 7. f3 0-0 8. Bc4 Nc6 9. Qd2 Bd7 10. 0-0-0 Rc8 11. Bb3 Nxd4 12. Bxd4 b5 13. Nd5 Nxd5 14. exd5 Bxd4 15. Qxd4 a5 16. c3 b4 17. h4 a4 18. h5 Bf5 19. hxg6 fxg6 20. Bc2 a3 21. Bxf5 Rxf5 22. g4 Rxf3 23. Rxh7 axb2+ 24. Kb1 Kxh7 25. Rh1+ Kg8 26. Qh8+ Kf7 27. Rh7# 1-0

[Event "Titled Tuesday intern op 11th Mar Late"]
[Site "Chess.com INT"]
[Date "2025.03.11"]
[Round "8"]
[White "Ashraf, Artin"]
[Black "Manukyan, Sargis A"]
[Result "1-0"]
[WhiteElo "2407"]
[BlackElo "2233"]
[PlyCount "127"]
[EventDate "2025.03.11"]
[EventType "swiss (blitz)"]
[EventRounds "11"]
[EventCountry "USA"]
[SourceTitle "CB12_2025"]
[SourceDate "2025.03.19"]
[SourceVersion "1"]
[SourceVersionDate "2025.03.19"]
[SourceQuality "1"]

1. e4 c5 2. Nf3 d6 3. d4 cxd4 4. Qxd4 a6 5. c4 Nc6 6. Qe3 Nf6 7. Nc3 g6 8. h3 Bg7 9. Be2 0-0 10. 0-0 Nd7 11. Rd1 Qb6 12. Qd2 Nde5 13. Nxe5 dxe5 14. Nd5 Qd8 15. b3 e6 16. Ne3 Qxd2 17. Rxd2 Nd4 18. Bf1 Bd7 19. Ba3 Rfd8 20. Be7 Re8 21. Bc5 Bc6 22. f3 Red8 23. Rad1 Rd7 24. Nc2 Rad8 25. Nxd4 exd4 26. Bb6 Rc8 27. Bxd4 Bh6 28. Rd3 b5 29. Bf6 Rxd3 30. Bxd3 Bg7 31. Bxg7 Kxg7 32. Kf2 Kf6 33. Ke3 e5 34. Rc1 b4 35. a3 Rb8 36. Ra1 a5 37. axb4 Rxb4 38. Rxa5 Ke7 39. Bc2 f6 40. Kd2 Kd6 41. Kc3 Rb8 42. b4 Kc7 43. Ra7+ Bb7 44. c5 Rd8 45. Bb3 Kb8 46. Ra2 f5 47. exf5 gxf5 48. Rd2 e4 49. Rxd8+ Kc7 50. Rh8 exf3 51. Rxh7+ Kb8 52. gxf3 Bxf3 53. h4 Be4 54. Re7 f4 55. Rxe4 f3 56. h5 Kc7 57. Rf4 Kc6 58. h6 f2 59. Rf6+ Kc7 60. h7 f1Q 61. Rxf1 Kc6 62. h8Q Kb5 63. Bc4+ Kc6 64. Qc8# 1-0

[Event "Titled Tuesday intern op 11th Mar Early"]
[Site "Chess.com INT"]
[Date "2025.03.11"]
[Round "1"]
[White "Gallasch, Jonas"]
[Black "Manukyan, Sargis A"]
[Result "0-1"]
[WhiteElo "2266"]
[BlackElo "2233"]
[PlyCount "76"]
[EventDate "2025.03.11"]
[EventType "swiss (blitz)"]
[EventRounds "11"]
[EventCountry "USA"]
[SourceTitle "CB12_2025"]
[SourceDate "2025.03.19"]
[SourceVersion "1"]
[SourceVersionDate "2025.03.19"]
[SourceQuality "1"]

1. Nf3 d5 2. c4 e6 3. e3 Nf6 4. b3 Be7 5. d4 0-0 6. Bd3 b6 7. 0-0 Bb7 8. Bb2 Nbd7 9. Nc3 c5 10. Qe2 dxc4 11. bxc4 cxd4 12. exd4 Rc8 13. Rfd1 Qc7 14. Nb5 Qb8 15. d5 Nc5 16. d6 Bd8 17. Bc2 Qa8 18. Be5 Nfd7 19. Bb2 Bf6 20. Bxf6 Nxf6 21. h4 Bxf3 22. gxf3 Rfd8 23. Kh2 a6 24. Nc7 Qc6 25. Qe5 Nb7 26. Rd4 Rxd6 27. Rg1 Rxd4 28. Qxf6 Qxc7+ 29. Kh1 g6 30. Qxd4 Qxc4 31. Qxb6 Qxc2 32. Qxb7 Qc6 33. Qb3 Qc3 34. Qb7 Qc6 35. Qb3 Qc4 36. Qxc4 Rxc4 37. Rg5 Rxh4+ 38. Kg2 Ra4 0-1

[Event "Titled Tuesday intern op 11th Mar Late"]
[Site "Chess.com INT"]
[Date "2025.03.11"]
[Round "5"]
[White "Manukyan, Sargis A"]
[Black "Narayanan, Sunilduth Lyna"]
[Result "1-0"]
[WhiteElo "2233"]
[BlackElo "2622"]
[PlyCount "135"]
[EventDate "2025.03.11"]
[EventType "swiss (blitz)"]
[EventRounds "11"]
[EventCountry "USA"]
[SourceTitle "CB12_2025"]
[SourceDate "2025.03.19"]
[SourceVersion "1"]
[SourceVersionDate "2025.03.19"]
[SourceQuality "1"]

1. d4 Nf6 2. c4 g6 3. Nc3 Bg7 4. Nf3 0-0 5. h3 d6 6. Bf4 Nc6 7. e3 Nd7 8. Qc2 e5 9. dxe5 dxe5 10. Bg3 Nc5 11. Rd1 Qe8 12. Nd5 Bf5 13. Qc1 Rd8 14. Nxc7 Rxd1+ 15. Qxd1 Qc8 16. Nd5 Ne4 17. Bxe5 Bxe5 18. Nxe5 Qe6 19. Nf3 b5 20. Be2 bxc4 21. Nf4 Qf6 22. 0-0 Rd8 23. Qc1 c3 24. bxc3 Nxc3 25. Bc4 Be4 26. Nd2 Bf5 27. Nf3 Na5 28. Nd4 Rxd4 29. Qxc3 Rd6 30. Qxa5 Kg7 31. Qxa7 Be4 32. Qxf7+ Qxf7 33. Bxf7 Kxf7 34. Ra1 g5 35. Ne2 Rd2 36. Ng3 Ba8 37. a4 Kg6 38. a5 h5 39. a6 h4 40. Nf1 Rd6 41. a7 Rd7 42. Nh2 Kf5 43. Nf3 Kf6 44. Nd4 Rg7 45. Ra5 g4 46. Ra6+ Ke5 47. Ra5+ Kf6 48. hxg4 Rxg4 49. f3 Rg7 50. Kf2 Rc7 51. Ra6+ Ke5 52. Ra2 Rh7 53. Nb5 h3 54. gxh3 Rxh3 55. f4+ Kf5 56. Ra3 Rh2+ 57. Ke1 Rh7 58. Kd2 Ke4 59. Nd6+ Kf3 60. Nc4 Rh6 61. Kc3 Ke4 62. Ra5 Kf3 63. Kb4 Rg6 64. Kc5 Rc6+ 65. Kb4 Rh6 66. Ne5+ Kxe3 67. Ng4+ Kxf4 68. Nxh6 1-0

[Event "Titled Tuesday intern op 11th Mar Early"]
[Site "Chess.com INT"]
[Date "2025.03.11"]
[Round "2"]
[White "Manukyan, Sargis A"]
[Black "Zhou, Yuxu"]
[Result "1-0"]
[WhiteElo "2233"]
[BlackElo "2101"]
[PlyCount "65"]
[EventDate "2025.03.11"]
[EventType "swiss (blitz)"]
[EventRounds "11"]
[EventCountry "USA"]
[SourceTitle "CB12_2025"]
[SourceDate "2025.03.19"]
[SourceVersion "1"]
[SourceVersionDate "2025.03.19"]
[SourceQuality "1"]

1. d4 Nf6 2. c4 e6 3. Nc3 Bb4 4. e3 0-0 5. a3 Bxc3+ 6. bxc3 d6 7. Bd3 e5 8. Ne2 Qe7 9. 0-0 b6 10. Ng3 Bb7 11. e4 Nc6 12. Bg5 Bc8 13. d5 Na5 14. f4 h6 15. fxe5 Qxe5 16. Bxf6 gxf6 17. Nh5 Qxc3 18. Nxf6+ Kg7 19. Qf3 Qe5 20. Nh5+ Kg8 21. Rae1 Nb7 22. Nf6+ Kg7 23. Qe3 Nc5 24. Rf3 Rh8 25. Ref1 Kf8 26. Rg3 Ba6 27. Rf5 Qa1+ 28. Rf1 Qe5 29. Ng4 Qg5 30. Qf2 Qe7 31. Qd4 Rg8 32. Nxh6 Rxg3 33. Qh8+ 1-0

[Event "Titled Tuesday intern op 11th Mar Late"]
[Site "Chess.com INT"]
[Date "2025.03.11"]
[Round "3"]
[White "Paravyan, David"]
[Black "Manukyan, Sargis A"]
[Result "1-0"]
[WhiteElo "2619"]
[BlackElo "2233"]
[PlyCount "73"]
[EventDate "2025.03.11"]
[EventType "swiss (blitz)"]
[EventRounds "11"]
[EventCountry "USA"]
[SourceTitle "CB12_2025"]
[SourceDate "2025.03.19"]
[SourceVersion "1"]
[SourceVersionDate "2025.03.19"]
[SourceQuality "1"]

1. d4 d5 2. c4 e6 3. Nc3 Nf6 4. cxd5 Nxd5 5. e4 Nxc3 6. bxc3 c5 7. Nf3 cxd4 8. cxd4 Bb4+ 9. Bd2 Bxd2+ 10. Qxd2 0-0 11. h3 Nd7 12. Bd3 b6 13. 0-0 Bb7 14. a4 Rc8 15. a5 Qc7 16. axb6 axb6 17. Ra7 Ra8 18. Rc1 Qb8 19. Rxa8 Qxa8 20. Qf4 Rc8 21. Rxc8+ Qxc8 22. Qd6 Nf6 23. d5 exd5 24. e5 Nd7 25. e6 Nf6 26. e7 Qe8 27. Qd8 Bc6 28. Ne5 Ba4 29. Bf5 g6 30. Bd7 Bxd7 31. Nxd7 Kg7 32. Nxf6 Qc6 33. g3 Qc1+ 34. Kg2 Qd1 35. e8Q Kh6 36. Ng4+ Kh5 37. Qh4# 1-0

[Event "Titled Tuesday intern op 25th Feb Early"]
[Site "Chess.com INT"]
[Date "2025.02.25"]
[Round "10"]
[White "Antoniou, Rafail"]
[Black "Manukyan, Sargis A"]
[Result "0-1"]
[WhiteElo "2041"]
[BlackElo "2233"]
[PlyCount "32"]
[EventDate "2025.02.25"]
[EventType "swiss (blitz)"]
[EventRounds "11"]
[EventCountry "USA"]
[SourceTitle "CB10_2025"]
[SourceDate "2025.03.05"]
[SourceVersion "1"]
[SourceVersionDate "2025.03.05"]
[SourceQuality "1"]

1. Nf3 d5 2. g3 e6 3. Bg2 Nf6 4. 0-0 Be7 5. d4 0-0 6. c4 dxc4 7. Ne5 Nc6 8. Bxc6 bxc6 9. Nxc6 Qe8 10. Nxe7+ Qxe7 11. Na3 e5 12. dxe5 Qxe5 13. Nxc4 Qh5 14. Ne3 Bb7 15. Qd4 Qxe2 16. Qc4 Qf3 0-1

[Event "Titled Tuesday intern op 25th Feb Early"]
[Site "Chess.com INT"]
[Date "2025.02.25"]
[Round "1"]
[White "Bruhovich, Olexandr"]
[Black "Manukyan, Sargis A"]
[Result "1-0"]
[WhiteElo "2208"]
[BlackElo "2233"]
[PlyCount "145"]
[EventDate "2025.02.25"]
[EventType "swiss (blitz)"]
[EventRounds "11"]
[EventCountry "USA"]
[SourceTitle "CB10_2025"]
[SourceDate "2025.03.05"]
[SourceVersion "1"]
[SourceVersionDate "2025.03.05"]
[SourceQuality "1"]

1. e4 c5 2. Nf3 d6 3. d4 cxd4 4. Nxd4 Nf6 5. Nc3 g6 6. Be3 Bg7 7. Be2 0-0 8. Nb3 Nc6 9. 0-0 b6 10. f4 Bb7 11. Bf3 Rc8 12. Qe2 h5 13. Rad1 Nb4 14. e5 Bxf3 15. Rxf3 Ng4 16. Bd4 dxe5 17. Bxe5 Nxe5 18. Rxd8 Nxf3+ 19. Qxf3 Rfxd8 20. h3 Nxc2 21. Qb7 Nd4 22. Nd2 Ne6 23. Nf3 Nxf4 24. Qxe7 Re8 25. Qxa7 b5 26. Ng5 Rf8 27. a3 Bxc3 28. bxc3 Rxc3 29. Qe7 Rc1+ 30. Kf2 Rc2+ 31. Kf3 Nxg2 32. Ne4 Ne1+ 33. Kf4 Rc4 34. Kg5 Nf3+ 35. Kh6 Rxe4 36. Qxe4 Nh4 37. Qxh4 Re8 38. Qf6 Kf8 39. Kh7 Re6 40. Qd8+ Re8 41. Qd6+ Re7 42. Kh8 g5 43. Kh7 g4 44. Qh6+ Ke8 45. Qxh5 g3 46. Qxb5+ Rd7 47. Qe5+ Kd8 48. Qxg3 Kc8 49. Kg8 f5 50. h4 Rd8+ 51. Kf7 Rd7+ 52. Ke6 Rd8 53. Qc3+ Kb7 54. Qb4+ Ka6 55. Qc4+ Ka7 56. Qc7+ Ka6 57. Qxd8 f4 58. Qd6+ Kb5 59. Qb4+ Kc6 60. Qxf4 Kb5 61. Qe5+ Ka6 62. Qd6+ Kb5 63. Qd5+ Ka4 64. h5 Kxa3 65. h6 Kb2 66. h7 Ka3 67. h8Q Kb4 68. Qb8+ Ka3 69. Qa7+ Kb2 70. Qb6+ Kc1 71. Qe3+ Kb2 72. Qdd2+ Ka1 73. Qee1# 1-0

[Event "Titled Tuesday intern op 25th Feb Early"]
[Site "Chess.com INT"]
[Date "2025.02.25"]
[Round "7"]
[White "Manukyan, Sargis A"]
[Black "Salimiyan, Behzad"]
[Result "1-0"]
[WhiteElo "2233"]
[BlackElo "2277"]
[PlyCount "71"]
[EventDate "2025.02.25"]
[EventType "swiss (blitz)"]
[EventRounds "11"]
[EventCountry "USA"]
[SourceTitle "CB10_2025"]
[SourceDate "2025.03.05"]
[SourceVersion "1"]
[SourceVersionDate "2025.03.05"]
[SourceQuality "1"]

1. d4 Nf6 2. c4 e6 3. Nc3 Bb4 4. e3 b6 5. a3 Bxc3+ 6. bxc3 Bb7 7. f3 0-0 8. Bd3 d6 9. Ne2 Nbd7 10. 0-0 e5 11. e4 Re8 12. Bg5 h6 13. Bh4 Qe7 14. a4 a5 15. Rb1 Ba6 16. Ng3 Qe6 17. Nf5 exd4 18. cxd4 g6 19. d5 Qe5 20. Bg3 Qc3 21. Rb3 Qxb3 22. Nxh6+ Kg7 23. Nf5+ gxf5 24. Qxb3 Nc5 25. Qc2 fxe4 26. fxe4 Nfxe4 27. Qb2+ f6 28. Bxe4 Nxe4 29. Bh4 Re5 30. Qd4 Rh8 31. Rf4 Rhe8 32. h3 Kg6 33. Rxe4 Rxe4 34. Qxf6+ Kh7 35. Qf7+ Kh6 36. Bf6 1-0

[Event "Titled Tuesday intern op 25th Feb Early"]
[Site "Chess.com INT"]
[Date "2025.02.25"]
[Round "4"]
[White "Manukyan, Sargis A"]
[Black "Vedant, Nitin Vekhande"]
[Result "1-0"]
[WhiteElo "2233"]
[BlackElo "2167"]
[PlyCount "171"]
[EventDate "2025.02.25"]
[EventType "swiss (blitz)"]
[EventRounds "11"]
[EventCountry "USA"]
[SourceTitle "CB10_2025"]
[SourceDate "2025.03.05"]
[SourceVersion "1"]
[SourceVersionDate "2025.03.05"]
[SourceQuality "1"]

1. d4 Nf6 2. c4 e6 3. Nc3 d5 4. Bg5 Be7 5. e3 Nbd7 6. cxd5 exd5 7. Bd3 0-0 8. Nf3 c6 9. 0-0 Re8 10. Qc2 h6 11. Bf4 Nf8 12. h3 Bd6 13. Ne5 Qe7 14. Bh2 N6d7 15. Nxd7 Nxd7 16. Bxd6 Qxd6 17. Rab1 a5 18. a3 b6 19. b4 axb4 20. axb4 b5 21. e4 dxe4 22. Bxe4 Ra6 23. d5 Nf6 24. Bf3 Nxd5 25. Bxd5 cxd5 26. Nxb5 Qb8 27. Nc7 Re4 28. Nxa6 Bxa6 29. b5 Bb7 30. Rfe1 Rc4 31. Qe2 Kh7 32. b6 Rc6 33. Qe8 Qf4 34. Qe7 Rg6 35. Qe3 Qf5 36. g4 d4 37. Qg3 Qd5 38. Kh2 f5 39. Re5 Qa2 40. Rbe1 f4 41. Qxf4 Rf6 42. Rf5 Qd5 43. Rxd5 Rxf4 44. Rd7 Rxf2+ 45. Kg1 Rg2+ 46. Kf1 Bc6 47. Rc7 Rc2 48. b7 Bb5+ 49. Kg1 Rxc7 50. b8Q Rc5 51. Qf4 d3 52. Qe4+ Kh8 53. Qd4 Rc8 54. Re6 Rc1+ 55. Kf2 Rc2+ 56. Kg3 d2 57. Rxh6+ Kg8 58. Qd5+ Kf8 59. Rh8+ Ke7 60. Qe5+ Kd7 61. Qf5+ Kd6 62. Qxc2 g5 63. Qxd2+ Kc6 64. Qxg5 Kb6 65. h4 Ka5 66. Rf8 Kb4 67. Rf6 Kc3 68. h5 Bc4 69. h6 Bd3 70. Re6 Bh7 71. Re7 Kc2 72. Rxh7 Kd1 73. Re7 Kc2 74. h7 Kb1 75. Qf6 Ka2 76. g5 Kb3 77. g6 Ka2 78. g7 Kb1 79. h8Q Ka2 80. g8Q+ Ka3 81. Qf3+ Ka4 82. Re4+ Ka5 83. Qf5+ Kb6 84. Qgg6+ Kb7 85. Qhh7+ Kb8 86. Re8# 1-0

[Event "Titled Tuesday intern op 11th Feb Early"]
[Site "Chess.com INT"]
[Date "2025.02.11"]
[Round "2"]
[White "Kopczynski, Michal"]
[Black "Manukyan, Sargis A"]
[Result "0-1"]
[WhiteElo "2225"]
[BlackElo "2233"]
[PlyCount "68"]
[EventDate "2025.02.11"]
[EventType "swiss (blitz)"]
[EventRounds "11"]
[EventCountry "USA"]
[SourceTitle "CB09_2025"]
[SourceDate "2025.02.27"]
[SourceVersion "1"]
[SourceVersionDate "2025.02.27"]
[SourceQuality "1"]

1. e4 c5 2. d4 cxd4 3. c3 d3 4. Bxd3 d6 5. f4 Nf6 6. Nf3 g6 7. 0-0 Bg7 8. Kh1 0-0 9. Qe1 Nc6 10. Be3 e5 11. fxe5 Nxe5 12. Nxe5 dxe5 13. Bc2 Nh5 14. Nd2 Be6 15. Rd1 Qc7 16. Bb3 Bxb3 17. axb3 Rad8 18. Qf2 b6 19. Nc4 Rxd1 20. Rxd1 Rd8 21. Rxd8+ Qxd8 22. Qd2 Qh4 23. Kg1 h6 24. Nd6 Bf8 25. Nc8 Qxe4 26. Nxa7 Qb1+ 27. Kf2 Nf6 28. Qe2 Ne4+ 29. Kf3 g5 30. Nb5 h5 31. h3 f5 32. g4 Qh1+ 33. Qg2 hxg4+ 34. hxg4 fxg4+ 0-1

[Event "Titled Tuesday intern op 11th Feb Early"]
[Site "Chess.com INT"]
[Date "2025.02.11"]
[Round "10"]
[White "Manukyan, Sargis A"]
[Black "Materia, Marco"]
[Result "0-1"]
[WhiteElo "2233"]
[BlackElo "2486"]
[PlyCount "126"]
[EventDate "2025.02.11"]
[EventType "swiss (blitz)"]
[EventRounds "11"]
[EventCountry "USA"]
[SourceTitle "CB08_2025"]
[SourceDate "2025.02.19"]
[SourceVersion "1"]
[SourceVersionDate "2025.02.19"]
[SourceQuality "1"]

1. d4 Nf6 2. c4 e6 3. Nc3 d5 4. Bg5 Be7 5. e3 h6 6. Bh4 b6 7. cxd5 Nxd5 8. Bxe7 Qxe7 9. Nxd5 exd5 10. Bd3 0-0 11. Nf3 c5 12. dxc5 bxc5 13. 0-0 Nc6 14. Rc1 Be6 15. Bb1 c4 16. Nd4 Nxd4 17. Qxd4 Rab8 18. Rfd1 Qf6 19. Qxf6 gxf6 20. Rd2 Rb6 21. Bc2 Rfb8 22. b3 a5 23. h3 f5 24. Rd4 Kg7 25. Bd1 Rb4 26. Rd2 a4 27. Bf3 axb3 28. axb3 Rxb3 29. Rd4 Rb1 30. Rdd1 Rxc1 31. Rxc1 Kf6 32. Kf1 Ke5 33. Rd1 f4 34. exf4+ Kxf4 35. Bxd5 Rd8 36. Bf3 Rxd1+ 37. Bxd1 c3 38. Bc2 Bd5 39. g3+ Kf3 40. Bd1+ Ke4 41. Bc2+ Kd4 42. Ke2 Bc4+ 43. Ke1 Bd3 44. Kd1 Bxc2+ 45. Kxc2 Ke4 46. Kxc3 Kf3 47. g4 Kxf2 48. h4 Kg3 49. g5 h5 50. Kd3 Kxh4 51. Ke3 Kxg5 52. Kf3 h4 53. Kg2 Kg4 54. Kh2 h3 55. Kg1 Kg3 56. Kh1 f5 57. Kg1 f4 58. Kh1 f3 59. Kg1 f2+ 60. Kf1 h2 61. Ke2 h1Q 62. Ke3 f1Q 63. Kd2 Qd1+ 0-1

[Event "Titled Tuesday intern op 04th Feb Early"]
[Site "Chess.com INT"]
[Date "2025.02.04"]
[Round "5"]
[White "Daulet, Alikhan"]
[Black "Manukyan, Sargis A"]
[Result "1/2-1/2"]
[WhiteElo "2067"]
[BlackElo "2233"]
[PlyCount "270"]
[EventDate "2025.02.04"]
[EventType "swiss (blitz)"]
[EventRounds "11"]
[EventCountry "USA"]
[SourceTitle "CB07_2025"]
[SourceDate "2025.02.12"]
[SourceVersion "1"]
[SourceVersionDate "2025.02.12"]
[SourceQuality "1"]

1. d4 d5 2. c4 e6 3. Nc3 Nf6 4. cxd5 exd5 5. Bg5 Be7 6. e3 0-0 7. Bd3 Nbd7 8. Nge2 b6 9. 0-0 Bb7 10. Ng3 h6 11. Bf4 c6 12. Rc1 Re8 13. Re1 Nf8 14. Nf5 Ne6 15. Be5 Bf8 16. Qf3 Nd7 17. Bxg7 Bxg7 18. Nd6 Qe7 19. Nxe8 Rxe8 20. Qf5 Nef8 21. Ne2 Qe6 22. Qh5 Nf6 23. Qh4 Qg4 24. Qxg4 Nxg4 25. Ng3 Nf6 26. Nf5 Ne6 27. Nd6 Re7 28. Nxb7 Rxb7 29. Rxc6 Bf8 30. Rec1 Kg7 31. Bf5 Ng5 32. f3 a5 33. Rc7 Rb8 34. R1c6 Ne8 35. Rd7 Nf6 36. Ra7 Bb4 37. h4 Ngh7 38. Rcc7 Rf8 39. e4 dxe4 40. fxe4 Ne8 41. Rcb7 Nd6 42. Rxb6 Nxf5 43. exf5 Nf6 44. a3 Bd2 45. Kf2 Ng4+ 46. Kf3 h5 47. Rbb7 Nh6 48. Rb5 Re8 49. f6+ Kg6 50. Re5 Rd8 51. Ke4 Ng4 52. Ree7 Nxf6+ 53. Kd3 Be1 54. Rxf7 Bf2 55. Rg7+ Kf5 56. Rxa5+ Kf4 57. Rf7 Bxd4 58. Kc2 Kg4 59. Ra4 Ne4 60. Re7 Kf4 61. Rh7 Ke3 62. Rxh5 Rc8+ 63. Kb1 Nd2+ 64. Ka2 Rc2 65. Rb4 Kd3 66. Rd5 Nc4 67. Rxd4+ Kxd4 68. h5 Rxg2 69. a4 Rh2 70. Rb5 Ne5 71. a5 Rxh5 72. a6 Rh8 73. b4 Ra8 74. Ra5 Nc6 75. Ra4 Kc4 76. Ka3 Kb5 77. Kb3 Rh8 78. a7 Ra8 79. Ka3 Nxa7 80. Kb3 Kb6 81. Kc4 Rh8 82. Kd5 Rh5+ 83. Kd6 Rh4 84. Kd5 Nb5 85. Ra1 Rxb4 86. Rh1 Rd4+ 87. Ke5 Rd8 88. Rc1 Rd2 89. Ke4 Rh2 90. Ke5 Na7 91. Rb1+ Kc7 92. Rc1+ Nc6+ 93. Ke4 Rh4+ 94. Kd5 Rd4+ 95. Kc5 Rh4 96. Kb5 Rh5+ 97. Rc5 Rh6 98. Rg5 Nb8 99. Rg7+ Nd7 100. Rg5 Rb6+ 101. Kc4 Rb1 102. Kd4 Nf8 103. Rg7+ Kd6 104. Rf7 Ne6+ 105. Ke4 Rb4+ 106. Ke3 Ke5 107. Rh7 Rb3+ 108. Kd2 Nd4 109. Rh5+ Ke4 110. Rh4+ Kd5 111. Rh5+ Kc4 112. Rh8 Rd3+ 113. Ke1 Ra3 114. Kf2 Ra2+ 115. Ke3 Re2+ 116. Kf4 Kd3 117. Rh3+ Kc4 118. Re3 Rf2+ 119. Ke4 Rf8 120. Rh3 Re8+ 121. Kf4 Ne2+ 122. Kf5 Kd5 123. Rd3+ Nd4+ 124. Kf6 Rf8+ 125. Ke7 Rf5 126. Ra3 Nc6+ 127. Ke8 Ke6 128. Re3+ Ne5 129. Re1 Rh5 130. Kf8 Kf6 131. Rf1+ Ke6 132. Kg7 Rg5+ 133. Kh6 Rg2 134. Re1 Rg3 135. Kh5 Kf5 1/2-1/2

[Event "Titled Tuesday intern op 04th Feb Late"]
[Site "Chess.com INT"]
[Date "2025.02.04"]
[Round "10"]
[White "Manukyan, Sargis A"]
[Black "Burmakin, Vladimir"]
[Result "1-0"]
[WhiteElo "2233"]
[BlackElo "2435"]
[PlyCount "103"]
[EventDate "2025.02.04"]
[EventType "swiss (blitz)"]
[EventRounds "11"]
[EventCountry "USA"]
[SourceTitle "CB07_2025"]
[SourceDate "2025.02.12"]
[SourceVersion "1"]
[SourceVersionDate "2025.02.12"]
[SourceQuality "1"]

1. d4 c6 2. c4 d5 3. Nc3 Nf6 4. e3 e6 5. Nf3 Nbd7 6. Bd3 Bd6 7. 0-0 0-0 8. e4 dxc4 9. Bxc4 e5 10. Bg5 Qe7 11. Qc2 exd4 12. Nxd4 Bxh2+ 13. Kh1 Qc5 14. Nf5 Qxc4 15. Kxh2 h6 16. Bf4 Qe6 17. f3 Ne5 18. Rad1 Nh5 19. Rd6 Qe8 20. Bxh6 Bxf5 21. exf5 Nxf3+ 22. Rxf3 Qe5+ 23. Bf4 Nxf4 24. Rd1 Rae8 25. g3 Nh5 26. Kg2 Nf6 27. Rdd3 Rd8 28. Rde3 Qc5 29. Qa4 Rd2+ 30. Re2 Rxe2+ 31. Nxe2 Re8 32. Nc3 b5 33. Qf4 b4 34. Nd1 Qc2+ 35. Nf2 Qxb2 36. g4 Nd5 37. Qd6 Qf6 38. Qd7 Ne3+ 39. Kg1 Qe5 40. Qxc6 Nd5 41. f6 Nxf6 42. Rf5 Qe7 43. g5 Nh5 44. g6 fxg6 45. Qxg6 Nf6 46. Kg2 Qf7 47. Qg3 Rf8 48. Rg5 Qb7+ 49. Kh2 Qf7 50. Kg2 Re8 51. Kh2 Re7 52. Kg2 1-0

[Event "Titled Tuesday intern op 04th Feb Early"]
[Site "Chess.com INT"]
[Date "2025.02.04"]
[Round "3"]
[White "Manukyan, Sargis A"]
[Black "Chen, Ryo"]
[Result "1-0"]
[WhiteElo "2233"]
[BlackElo "2395"]
[PlyCount "67"]
[EventDate "2025.02.04"]
[EventType "swiss (blitz)"]
[EventRounds "11"]
[EventCountry "USA"]
[SourceTitle "CB07_2025"]
[SourceDate "2025.02.12"]
[SourceVersion "1"]
[SourceVersionDate "2025.02.12"]
[SourceQuality "1"]

1. d4 Nf6 2. c4 g6 3. Nc3 Bg7 4. Nf3 d6 5. h3 0-0 6. Bf4 c5 7. d5 b5 8. cxb5 a6 9. bxa6 Nxa6 10. e4 Nc7 11. Be2 Ba6 12. 0-0 Nd7 13. Rb1 Qb8 14. Nd2 Qa7 15. Nc4 Rfb8 16. Qc2 Nb5 17. Nxb5 Bxb5 18. a3 Ba4 19. b3 Bb5 20. a4 Ba6 21. Rfe1 Rb7 22. Na5 Rb6 23. Nc6 Rxc6 24. dxc6 Nb8 25. Bxa6 Nxa6 26. e5 d5 27. e6 f5 28. c7 Rc8 29. Qd3 Nxc7 30. Bxc7 Qxc7 31. Qxd5 Rd8 32. Qc4 Rd2 33. Rbd1 Rb2 34. Re2 1-0

[Event "Titled Tuesday intern op 04th Feb Late"]
[Site "Chess.com INT"]
[Date "2025.02.04"]
[Round "8"]
[White "Manukyan, Sargis A"]
[Black "Krysa, Leandro Sergio"]
[Result "0-1"]
[WhiteElo "2233"]
[BlackElo "2488"]
[PlyCount "166"]
[EventDate "2025.02.04"]
[EventType "swiss (blitz)"]
[EventRounds "11"]
[EventCountry "USA"]
[SourceTitle "CB07_2025"]
[SourceDate "2025.02.12"]
[SourceVersion "1"]
[SourceVersionDate "2025.02.12"]
[SourceQuality "1"]

1. d4 Nf6 2. c4 g6 3. Nc3 d5 4. Nf3 Bg7 5. cxd5 Nxd5 6. e4 Nxc3 7. bxc3 c5 8. Rb1 0-0 9. Be2 cxd4 10. cxd4 Qa5+ 11. Qd2 Qxd2+ 12. Bxd2 b6 13. 0-0 Bb7 14. d5 Nd7 15. Bb4 Rfc8 16. Bxe7 Rc2 17. Bb5 Nf6 18. Nd4 Rxa2 19. Bc6 Bxc6 20. Nxc6 Nxe4 21. d6 Nc5 22. Rfc1 Nd7 23. Nb4 Rd2 24. Rc7 Nc5 25. Nc6 a5 26. g3 a4 27. Rxb6 a3 28. Nb4 Ne6 29. Rcb7 Bd4 30. Rb8+ Rxb8 31. Rxb8+ Kg7 32. Kf1 a2 33. Nxa2 Rxf2+ 34. Ke1 Rxa2 35. d7 Bc3+ 36. Kf1 Rxh2 37. d8Q Nxd8 38. Rxd8 Rd2 39. Rc8 Be5 40. g4 Rd7 41. Bh4 h6 42. g5 hxg5 43. Bxg5 Bf6 44. Be3 Rd5 45. Kg2 Bg5 46. Bf2 Rd2 47. Kf3 Rd5 48. Bg3 Rf5+ 49. Kg4 Bf6 50. Bf4 Rd5 51. Rc6 Rd4 52. Kf3 Ra4 53. Be3 Be5 54. Bf2 f5 55. Be3 Bf6 56. Bf4 Ra7 57. Be3 Rd7 58. Bc5 g5 59. Bf2 Rf7 60. Be3 Kg6 61. Kf2 f4 62. Bd4 Kf5 63. Bc5 Kg4 64. Kg2 Be5 65. Bg1 Rd7 66. Rc2 Rd3 67. Rc4 Kf5 68. Ra4 g4 69. Ra5 f3+ 70. Kf1 Rd1+ 71. Kf2 Rd2+ 72. Kf1 g3 73. Ke1 f2+ 74. Kf1 Rd1+ 75. Ke2 Rxg1 76. Ke3 f1Q 77. Kd2 Qf2+ 78. Kd3 Qf3+ 79. Kc4 Rc1+ 80. Kb5 Qb3+ 81. Ka6 Rc6+ 82. Ka7 Qb6+ 83. Ka8 Rc8# 0-1

[Event "Titled Tuesday intern op 04th Feb Late"]
[Site "Chess.com INT"]
[Date "2025.02.04"]
[Round "1"]
[White "Ottosen, David"]
[Black "Manukyan, Sargis A"]
[Result "0-1"]
[WhiteElo "2067"]
[BlackElo "2233"]
[PlyCount "38"]
[EventDate "2025.02.04"]
[EventType "swiss (blitz)"]
[EventRounds "11"]
[EventCountry "USA"]
[SourceTitle "CB07_2025"]
[SourceDate "2025.02.12"]
[SourceVersion "1"]
[SourceVersionDate "2025.02.12"]
[SourceQuality "1"]

1. e4 c5 2. Nf3 d6 3. d4 cxd4 4. Nxd4 Nf6 5. Nc3 g6 6. Be3 Bg7 7. f3 0-0 8. Bc4 Nc6 9. Qd2 Bd7 10. 0-0-0 Rc8 11. Bb3 Nxd4 12. Bxd4 b5 13. h4 a5 14. Nd5 Nxd5 15. Bxd5 Bxd4 16. Qxd4 e6 17. h5 exd5 18. hxg6 Qg5+ 19. Kb1 Qxg6 0-1